Разработка методики стратегического планирования в высшей школе; Вестник Томского государственного университета; № 325
| Parent link: | Вестник Томского государственного университета/ Национальный исследовательский Томский государственный университет (ТГУ).— , 1998- № 325.— 2009.— [С. 125-129] |
|---|---|
| Glavni avtor: | |
| Izvleček: | Заглавие с экрана Рассмотрены существующие школы стратегического планирования, на основе которых разработана авторская методика стратегического планирования высшей школы. The article reviews the existing school strategic planning on the basis of which the author develops methods of strategic planning in higher education. Режим доступа: по договору с организацией-держателем ресурса |
| Jezik: | ruščina |
| Izdano: |
2009
|
| Teme: | |
| Online dostop: | http://elibrary.ru/item.asp?id=13418861 http://journals.tsu.ru/vestnik/&journal_page=archive&id=838&article_id=13966 |
| Format: | MixedMaterials Elektronski Book Chapter |
| KOHA link: | https://koha.lib.tpu.ru/cgi-bin/koha/opac-detail.pl?biblionumber=640842 |
MARC
| LEADER | 00000naa0a2200000 4500 | ||
|---|---|---|---|
| 001 | 640842 | ||
| 005 | 20250311113248.0 | ||
| 035 | |a (RuTPU)RU\TPU\network\5571 | ||
| 035 | |a RU\TPU\network\5569 | ||
| 090 | |a 640842 | ||
| 100 | |a 20150428d2009 k||y0rusy50 ca | ||
| 101 | 0 | |a rus | |
| 102 | |a RU | ||
| 135 | |a drcn ---uucaa | ||
| 181 | 0 | |a i | |
| 182 | 0 | |a b | |
| 200 | 1 | |a Разработка методики стратегического планирования в высшей школе |d Developing methods of strategic planning in higher education |f Т. Л. Ищук | |
| 203 | |a Текст |c электронный | ||
| 300 | |a Заглавие с экрана | ||
| 330 | |a Рассмотрены существующие школы стратегического планирования, на основе которых разработана авторская методика стратегического планирования высшей школы. | ||
| 330 | |a The article reviews the existing school strategic planning on the basis of which the author develops methods of strategic planning in higher education. | ||
| 333 | |a Режим доступа: по договору с организацией-держателем ресурса | ||
| 461 | |t Вестник Томского государственного университета |f Национальный исследовательский Томский государственный университет (ТГУ) |d 1998- | ||
| 463 | |t № 325 |v [С. 125-129] |d 2009 | ||
| 510 | 1 | |a Developing methods of strategic planning in higher education |z eng | |
| 610 | 1 | |a электронный ресурс | |
| 610 | 1 | |a труды учёных ТПУ | |
| 610 | 1 | |a стратегическое планирование | |
| 610 | 1 | |a высшая школа | |
| 610 | 1 | |a методика | |
| 610 | 1 | |a разработка | |
| 700 | 1 | |a Ищук |b Т. Л. |c экономист |c профессор Томского политехнического университета, доктор экономических наук |f 1946- |g Татьяна Леонидовна |3 (RuTPU)RU\TPU\pers\34313 |9 17822 | |
| 801 | 2 | |a RU |b 63413507 |c 20150428 |g RCR | |
| 856 | 4 | 0 | |u http://elibrary.ru/item.asp?id=13418861 |
| 856 | 4 | 0 | |u http://journals.tsu.ru/vestnik/&journal_page=archive&id=838&article_id=13966 |
| 942 | |c CF | ||